<?xml version="1.0" encoding="UTF-8"?>
<collection xmlns="http://www.loc.gov/MARC21/slim">
 <record>
  <leader>00983nam a22002177a 4500</leader>
  <controlfield tag="001">AAL4012</controlfield>
  <controlfield tag="003">BD-DhAAL</controlfield>
  <controlfield tag="008">160222s    1998bg a|||| |||| 001 0 ben d</controlfield>
  <datafield tag="040" ind1=" " ind2=" ">
   <subfield code="a">BD-DhAAL</subfield>
   <subfield code="c">BD-DhAAL</subfield>
  </datafield>
  <datafield tag="082" ind1=" " ind2=" ">
   <subfield code="2">22</subfield>
   <subfield code="a">340.59 </subfield>
  </datafield>
  <datafield tag="100" ind1=" " ind2=" ">
   <subfield code="a"> চৌধুরী, আলিমুজ্জামান</subfield>
   <subfield code="9">18104</subfield>
  </datafield>
  <datafield tag="245" ind1=" " ind2=" ">
   <subfield code="a">ইসলামিক জুরিসপ্রুডেন্স ও মুসলিম আইন /</subfield>
   <subfield code="c">আলিমুজ্জামান চৌধুরী</subfield>
  </datafield>
  <datafield tag="260" ind1=" " ind2=" ">
   <subfield code="a">ঢাকা :</subfield>
   <subfield code="b">মহানগর ল' বুক সেন্টার, </subfield>
   <subfield code="c">১৯৯৮</subfield>
  </datafield>
  <datafield tag="300" ind1=" " ind2=" ">
   <subfield code="a">৩৮৯ পৃ. :</subfield>
   <subfield code="b">চিত্র ;</subfield>
   <subfield code="c">২২ সে.মি.</subfield>
  </datafield>
  <datafield tag="500" ind1=" " ind2=" ">
   <subfield code="a">Includes index</subfield>
  </datafield>
  <datafield tag="541" ind1=" " ind2=" ">
   <subfield code="e">4012</subfield>
  </datafield>
  <datafield tag="650" ind1=" " ind2=" ">
   <subfield code="a">Islamic law</subfield>
   <subfield code="9">18105</subfield>
  </datafield>
  <datafield tag="852" ind1=" " ind2=" ">
   <subfield code="a">Savar Campus Library</subfield>
   <subfield code="c">General Shelf</subfield>
  </datafield>
  <datafield tag="942" ind1=" " ind2=" ">
   <subfield code="2">ddc</subfield>
   <subfield code="c">BK</subfield>
  </datafield>
  <datafield tag="999" ind1=" " ind2=" ">
   <subfield code="c">36910</subfield>
   <subfield code="d">36910</subfield>
  </datafield>
  <datafield tag="952" ind1=" " ind2=" ">
   <subfield code="0">0</subfield>
   <subfield code="1">0</subfield>
   <subfield code="2">ddc</subfield>
   <subfield code="4">0</subfield>
   <subfield code="6">340_590000000000000_CHO</subfield>
   <subfield code="7">0</subfield>
   <subfield code="9">58114</subfield>
   <subfield code="a">SCL</subfield>
   <subfield code="b">SCL</subfield>
   <subfield code="c">GEN</subfield>
   <subfield code="d">2016-02-22</subfield>
   <subfield code="g">300.00</subfield>
   <subfield code="l">4</subfield>
   <subfield code="m">3</subfield>
   <subfield code="o">340.59 CHO</subfield>
   <subfield code="p">3020004012</subfield>
   <subfield code="r">2025-11-15</subfield>
   <subfield code="s">2025-10-13</subfield>
   <subfield code="t">1</subfield>
   <subfield code="w">2016-02-22</subfield>
   <subfield code="y">BK</subfield>
  </datafield>
 </record>
</collection>
